000 01174cad a2200253 4500
001 L158619
008 110215n2013 000 0 eng u
020 _a9781783210305
035 _a(Sirsi) u158619
041 _aeng
100 2 _aMason, Jim
111 2 _aConstruction and Building Research Conference
_cIIT Delhi, New Delhi
_d10-12 September 2013
245 0 0 _aIs adjudication a good choice for dispute resolution in the United Kingdom's construction idustry?
_h[electronic resource]
260 _aLondon
_bRICS
_c2013
490 0 _aCOBRA
_v2013
520 _aA paper presented at the COBRA Conference in New Delhi on 10-12 September 2013. Looks at the viability of adjudication for dispute resolution in the UK's construction industry. The conclusion reached is that adjudication severely damages relationships and alternatives such as compulsory mediation ought to be promoted more strongly.
650 2 4 _aADJUDICATION
650 2 4 _aCONSTRUCTION AND BUILDING RESEARCH CONFERENCE (COBRA)
651 4 _aUnited Kingdom
690 _aDispute resolution
_96236
700 1 _aSharratt, Hollie
710 1 _aUniversity of the West of England
_93479
942 _n0
999 _c115420
_d115420